| 000 | 00459nam a2200181Ia 4500 | ||
|---|---|---|---|
| 001 | 10799 | ||
| 005 | 20260306161858.0 | ||
| 008 | 260306t2003||||xx |||||||||||||| ||spa|| | ||
| 041 | _aESP | ||
| 082 |
_a962.4 _bCH248A |
||
| 100 |
_aChurchill, Winston S. _eAUT |
||
| 245 | 0 |
_aLa guerra del Nilo: _bcrónicas de la conquista del Sudán |
|
| 260 | _c2003 | ||
| 300 |
_a251 páginas : _c22 cm. |
||
| 650 | _aGEN | ||
| 654 | _aCHU | ||
| 942 |
_cLIB _dJUS _fJUS _2ddc _n |
||
| 999 |
_c10799 _d10799 |
||